Ногоон дарь эхийн тууж (Бичлэгийн дугаар. 5840)

MARC дэлгэрэнгүй
000 -Удирдлага
Ном зүйн бүртгэл тоо буюу кодлох утгыг агуулсан 00593 a2200217 4500
003 - ХЯНАЛТЫН ТОО ТОДОРХОЙЛОГЧ
Код MN-UlNLM
005 - ХАМГИЙН СҮҮЛИЙН ҮЕИЙН ХЭЛЦЛИЙН ОГНОО БА ЦАГ
Тухайн бичилтийг бичсэн засварласан сүүлийн огноо. 20230114161318.0
008 - ЕРӨНХИЙ МЭДЭЭЛЭЛ-ЭЛЕМЕНТҮҮДИЙН ӨГӨГДЛИЙН УРТ
fixed length control field a130s1958 mp ||||| |||| 00|mon d
040 ## - ЭХ СУРВАЛЖИЙГ ТОДОРХОЙЛОН БИЧИХ
Анхны каталогийн байгууллага Монгол Улсын Үндэсний номын сан
041 ## - ХЭЛНИЙ КОД
Текстийн хэлний код/фонограм буюу салангид гарчиг Монгол
084 ## - БУСАД АНГИЛЛЫН ДУГААР
Ангиллын нэр Аравтын ангилал
Анги 89 Тув
Зохиогчийн 3-н тэмдэгт Н 678
Шинжлэх ухааны мэдлэгийн салбар Уран зохиол - 84
110 ## - ДЭЭД ГАРЧГИЙН МЭДЭЭ
Эрхлэн гаргасан байгууллагын нэр ШУДБХ
245 0# - ҮНДСЭН ГАРЧИГ
Гарчиг Ногоон дарь эхийн тууж
Оролцогчдын тухай мэдээ Ред. Ц.Шагдар
260 1# - ГАРАЛТЫН ТУХАЙ МЭДЭЭ
Хэвлэгдсэн газар УБ
Хэвлэлийн газар ШУДБХХ
Хэвлэгдсэн он 1958
300 ## - ТООНЫ МЭДЭЭ
Хуудасны тоо 10х
546 ## - ХЭЛНИЙ ТУХАЙ МЭДЭЭ
Хэл
653 ## - ТҮЛХҮҮР ҮГС
Түлхүүр үг Уран зохиол
856 ## - ЭЛЕКТРОН БАЙРЛАЛ БА ХОЛБООС
Төрөл Хэвлэмэл ном
942 ## - ЭЛЕМЕНТИЙН ТӨРӨЛ
Төрөл Ном
Захиалгууд
Буцаан татагдсан төлөв Хасагдсан шалтгаан Гэмтсэн төлөв Данс заагч Захиалах боломжгүй Үндсэн номын сан Одоогийн байршил Салбар танхим Сан хөмрөг 5 Бүртгэсэн огноо Тавиурын заалт Баркод Үнэ Хамгийн сүүлд байсан огноо Салбар Нийт уншлаганд гарсан тоо Хамгийн сүүлд уншлаганд гарсан огноо Төрөл Бүрдүүлэлтийн эх үүсвэр Уншигчдад зориулсан мэдээлэл
          МУҮНомын сан салбар МУҮНомын сан салбар МУҮНС салбар | Язгуур танхим 8 давхар МУҮНС салбар | Язгуур танхим 8 давхар 2021-09-02 57290 00057290 0.65 2021-09-02       Ном    
          МУҮНомын сан салбар МУҮНомын сан салбар МУҮНС салбар | Язгуур танхим 8 давхар МУҮНС салбар | Язгуур танхим 8 давхар 2021-09-02 57300 00057300 0.65 2021-09-02       Ном    
          МУҮНомын сан салбар МУҮНомын сан салбар МУҮНС салбар | Язгуур танхим 8 давхар МУҮНС салбар | Язгуур танхим 8 давхар 2021-09-02 57296 00057296 0.65 2021-09-02       Ном    
        Албан хэрэгцээнд МУҮНомын сан салбар МУҮНомын сан салбар   МУҮНС төв | Архив фонд төв байр 2020-04-21 1547 003110001547 0.65 2020-04-21       Ном Нөхөн бүрдүүлэлт  
          МУҮНомын сан салбар МУҮНомын сан салбар МУҮНС салбар | Цахим танхим 3 давхар МУҮНС салбар | Цахим танхим 3 давхар 2022-02-23 1103 000911001103 5240.00 2022-02-23       Цахим материал Худалдан авсан Киндлээр уншина
          МУҮндэсний Номын сан МУҮндэсний Номын сан МУҮНС төв | Үлдэх нөөц МУҮНС төв | Үлдэх нөөц 2021-09-24 57294 00057294 0.65 2021-09-24 0000000572 3 2021-03-10 Ном    
          МУҮндэсний Номын сан МУҮндэсний Номын сан МУҮНС төв | Үлдэх нөөц МУҮНС төв | Үлдэх нөөц 2021-09-24 57295 00057295 0.65 2021-09-24       Ном    
          МУҮндэсний Номын сан МУҮндэсний Номын сан МУҮНС төв | Үлдэх нөөц МУҮНС төв | Үлдэх нөөц 2021-09-24 57288 00057288 0.65 2021-09-24       Ном